00537nam a2200145Ia 4500008004100000245012600041260003500167260000900202300000900211650001800220650001500238856004600253999001900299952007300318170221s9999 xx 000 0 und d aAntecedents of Knowledge Gaps: Parenting Knowledge and Early Childhood Cognitive Development-Review and Call for Research bThe Open Communication Journal c2016 a15 : xCommunication xMedia Arts uhttps://benthamopen.com/TOCOMMJ/VOLUME/6/ c313003d313003 001040aCLbCLd2017-02-21l0r2017-02-21 00:00:00w2017-02-21yFOJ